History - World | 0 | 6 | 0 | 0 | 60 | 77 | 107.83 | 0 | 0 |
History - American | 0 | 3 | 0 | 0 | 30 | 97 | 106.33 | 0 | 0 |
Science - Chemistry | 0 | 3 | 0 | 0 | 30 | 86 | 104.33 | 0 | 0 |
Literature - World and Miscellaneous | 0 | 2 | 0 | 0 | 20 | 122 | 125.50 | 0 | 0 |
Fine Arts - Miscellaneous | 0 | 2 | 0 | 0 | 20 | 113 | 121.00 | 0 | 0 |
Geography - World | 0 | 2 | 0 | 0 | 20 | 88 | 103.00 | 0 | 0 |
Science - Earth | 1 | 0 | 0 | 0 | 15 | 77 | 77.00 | 0 | 1 |
Current Events - World | 1 | 0 | 0 | 0 | 15 | 58 | 58.00 | 0 | 0 |
Social Science - Linguistics | 0 | 1 | 0 | 0 | 10 | 121 | 121.00 | 0 | 0 |
Fine Arts - Music | 0 | 1 | 0 | 0 | 10 | 97 | 97.00 | 0 | 0 |
History - Cross, Historiography, and Miscellaneous | 0 | 1 | 0 | 0 | 10 | 111 | 111.00 | 0 | 0 |
History - European | 0 | 1 | 0 | 0 | 10 | 73 | 73.00 | 0 | 0 |
Literature - American | 0 | 1 | 0 | 0 | 10 | 131 | 131.00 | 0 | 0 |
Literature - British | 0 | 1 | 0 | 0 | 10 | 100 | 100.00 | 0 | 0 |
RMP - Christian Practice | 0 | 1 | 0 | 0 | 10 | 112 | 112.00 | 0 | 0 |
Science - Biology | 0 | 1 | 0 | 0 | 10 | 117 | 117.00 | 0 | 1 |
Science - Math | 0 | 1 | 0 | 0 | 10 | 125 | 125.00 | 0 | 0 |
Science - Physics | 0 | 1 | 0 | 0 | 10 | 108 | 108.00 | 0 | 0 |
RMP - Jewish Practice | 0 | 0 | 0 | 0 | 0 | | 0.00 | 0 | 0 |
Fine Arts - Film | 0 | 0 | 0 | 0 | 0 | | 0.00 | 0 | 0 |